| 000 | 00000nam##2200000za#4500 |
| 001 | 9.602217 |
| 003 | CaOODSP |
| 005 | 20210624210447 |
| 007 | cr ||||||||||| |
| 008 | 150406|1999||||xxc|||||o f|0| 0 fre|d |
| 040 | |aCaOODSP|bfre |
| 043 | |an-cn--- |
| 086 | 1 |aNH18-24/1F-PDF |
| 110 | 2 |aSociété canadienne d'hypothèques et de logement. |
| 245 | 10|aMesurer l'humidité dans votre maison : |h[ressource électronique]|bavez-vous un problème d'humidité? |
| 250 | |aRév. 1999 |
| 260 | |aOttawa - Ontario : |bSociété canadienne d'hypothèques et de logement |cc1996. |
| 300 | |a6p.|bill., tableaux |
| 490 | 1 |aVotre maison|vCF1 |
| 590 | |a11-23-Supp|b2011-10-17 |
| 691 | 07|aQualité de l'air|2gcpds |
| 691 | 07|aLogement|2gcpds |
| 775 | 08|tMeasuring humidity in your home : |w(CaOODSP)9.571793 |
| 776 | 0#|tMesurer l'humidité dans votre maison : |w(CaOODSP)9.625683 |
| 830 | #0|aVotre maison ;|vCF1|w(CaOODSP)9.501787 |
| 856 | 40|ahttp://publications.gc.ca|qPDF|s3.17 Mo|uhttps://publications.gc.ca/collections/Collection/NH18-24-1F.pdf|yCF1 |